| 000 | 00390 a2200169 4500 | ||
|---|---|---|---|
| 001 | 157146 | ||
| 020 | _a9788557691988 | ||
| 040 | _cEscola São Tomás de Aquino | ||
| 100 | _aVIANNA, Carolina Dias | ||
| 240 | 1 | 0 |
_aPortuguês Linguagens _lpor |
| 245 | 1 | 0 | _aPortuguês Linguagens |
| 300 | _a336 p. | ||
| 362 | 0 | _a2018 | |
| 440 | 1 | _aAtual | |
| 697 | _aLíngua portuguesa | ||
| 942 | _cBK | ||
| 999 |
_c157146 _d157146 |
||